Á lódáil...

Global Literary Theory

Sonraí Bibleagrafaíochta
Príomhúdar: Richard J Lane
Foilsithe: Routledge 2013
LEADER 00179 a2200085 4500
100 |a Richard J Lane 
245 |a Global Literary Theory 
260 |c 2013  |b Routledge 
942 |c BK  |6 _ 
999 |c 70412  |d 70412